| 000 | 00538nam a2200193Ia 4500 | ||
|---|---|---|---|
| 005 | 20230127144440.0 | ||
| 008 | 131103s9999 xx 000 0 und d | ||
| 040 | _aLoreto College | ||
| 041 | _aEnglish | ||
| 082 |
_a954.01 _bMAJ |
||
| 100 | _aMajumdar,R.C. | ||
| 245 | 4 |
_aThe age of imperial Kanuaj _cR.C.Majumdar |
|
| 260 |
_aBombay _bBharatiya Vidya Bhavan _c1955 |
||
| 300 | _axIiv,585 p. | ||
| 504 | _aIncludes index,genealogy,chronology and bibliography | ||
| 650 | _aHistory - Ancient India | ||
| 850 | _aLCLIB | ||
| 942 | _cBK | ||
| 999 |
_c9307 _d59786 |
||